00708cam a2200205 a 450000100100000000500170001000800410002702000150006804000250008308200190010810000430012724500490017026000360021930000210025549000310027665000300030765000340033795201160037199900150048700000956920200929161628.0000625s1993 sp 000 f spa  a9681901762 aDO-SdBNPbspacBNPHU aG863.44bM778b1 aMonterroso, Augusto,d1921-200391506514aLos buscadores de oro /cAugusto Monterroso. aBarcelona :bAlfaguara,cc1993. a110 p. ;c20 cm.1 aAlfaguara literaturasv105 4aNovela guatemalteca95392 4aLiteratura guatemalteca95393 001050718MOaGRbGRcHDd2009-09-30iLF1l0oG863.44 M778bp9569-10r2020-06-25w2020-06-25y1ZNo se presta c9329d9329